00454nam a2200157Ia 4500008004100000020001800041082001600059100002300075245002900098250000800127260004100135300003000176500001900206600002100225650005000246240925s9999 xx 000 0 und d a9788131502006 a004.165 AYA aAyala, Kenneth J. 4aThe 8051 Microcontroller a3rd aAustralia:bCENGAGE Learningc,2005. axxiv,836p.bN.AfOriginal aIncludes Index aComputer Science aComputer science, information & general works